000
00269nam a22001097a 4500
082
_a
355.003
_b
IND
_c
L-30,P-145
245
_a
Indian Defence Review July 1988
260
_a
New Delhi.
300
_a
167 p.
526
_a
0
_b
0
_c
0
_d
355_003000000000000_IND
942
_2
ddc
_c
BK
999
_c
551554
_d
551554